<?xml version="1.0" encoding="UTF-8"?>
<record
    xmlns:xsi="http://www.w3.org/2001/XMLSchema-instance"
    xsi:schemaLocation="http://www.loc.gov/MARC21/slim http://www.loc.gov/standards/marcxml/schema/MARC21slim.xsd"
    xmlns="http://www.loc.gov/MARC21/slim">

  <leader>01595nam a2200241 a 4500</leader>
  <controlfield tag="003">OSt</controlfield>
  <controlfield tag="005">20210126134804.0</controlfield>
  <controlfield tag="008">100909s2010  dr ad   r     000 0 spa d</controlfield>
  <datafield tag="040" ind1=" " ind2=" ">
    <subfield code="a">DO-SdBNP</subfield>
    <subfield code="b">spa</subfield>
    <subfield code="c">BNPHU</subfield>
  </datafield>
  <datafield tag="082" ind1=" " ind2="4">
    <subfield code="a">352.48</subfield>
    <subfield code="b">R426i, 2010</subfield>
    <subfield code="2">22</subfield>
  </datafield>
  <datafield tag="110" ind1="2" ind2=" ">
    <subfield code="a">Rep&#xFA;blica Dominicana.</subfield>
    <subfield code="b">Ministerio de Hacienda.</subfield>
    <subfield code="b">Direcci&#xF3;n General de Presupuesto.</subfield>
    <subfield code="9">32266</subfield>
  </datafield>
  <datafield tag="245" ind1="1" ind2="0">
    <subfield code="a">Informe de ejecuci&#xF3;n presupuestaria a&#xF1;o 2010  /</subfield>
    <subfield code="c">director general  Luis A. Hern&#xE1;ndez  Garc&#xED;a </subfield>
  </datafield>
  <datafield tag="260" ind1=" " ind2=" ">
    <subfield code="a">Santo Domingo :</subfield>
    <subfield code="b">Ministerio de Hacienda,</subfield>
    <subfield code="c">2010</subfield>
  </datafield>
  <datafield tag="300" ind1=" " ind2=" ">
    <subfield code="a">408 p. :</subfield>
    <subfield code="b">il., cuadros, gr&#xE1;ficos ;</subfield>
    <subfield code="c">28 cm.</subfield>
  </datafield>
  <datafield tag="505" ind1="0" ind2=" ">
    <subfield code="a">Administraci&#xF3;n central -- Informe sobre los ingresos -- Informaci&#xF3;n sobre los gastos  -- Gr&#xE1;ficos sobre los gastos -- Ejecuci&#xF3;n del gasto consolidado por instituci&#xF3;n -- Sector descentralizado y aut&#xF3;nomo -- An&#xE1;lisis comparativo de la ejecuci&#xF3;n presupuestaria del sector descentralizado y aut&#xF3;nomo --  Ejecuci&#xF3;n de cada instituci&#xF3;n descentralizada o aut&#xF3;nomo sector descentralizado y aut&#xF3;nomo -- Instituciones de la seguridad social -- Instituciones descentralizadas del gobierno locales -- Empresas p&#xFA;blicas no financieras -- Instituciones p&#xFA;blicas financieras monetarias -- Instituciones p&#xFA;blicas no monetarias.</subfield>
  </datafield>
  <datafield tag="590" ind1=" " ind2=" ">
    <subfield code="a">Inventariado, 2020/VM</subfield>
  </datafield>
  <datafield tag="650" ind1=" " ind2="4">
    <subfield code="a">Presupuesto</subfield>
    <subfield code="z">Rep&#xFA;blica Dominicana</subfield>
    <subfield code="9">7940</subfield>
    <subfield code="y">2010</subfield>
  </datafield>
  <datafield tag="650" ind1=" " ind2="4">
    <subfield code="a">Hacienda p&#xFA;blica</subfield>
    <subfield code="z">Rep&#xFA;blica Dominicana</subfield>
    <subfield code="9">6562</subfield>
  </datafield>
  <datafield tag="650" ind1=" " ind2="4">
    <subfield code="a">Gastos p&#xFA;blicos</subfield>
    <subfield code="z">Rep&#xFA;blica Dominicana</subfield>
    <subfield code="y">2010</subfield>
    <subfield code="9">44960</subfield>
  </datafield>
  <datafield tag="700" ind1="1" ind2=" ">
    <subfield code="a"> Hern&#xE1;ndez Garc&#xED;a, Luis A. </subfield>
    <subfield code="e">director.</subfield>
    <subfield code="9">3496</subfield>
  </datafield>
  <datafield tag="910" ind1=" " ind2=" ">
    <subfield code="a">VMateo /Validado. Control de calidad MFF</subfield>
  </datafield>
  <datafield tag="942" ind1=" " ind2=" ">
    <subfield code="2">ddc</subfield>
    <subfield code="c">LBS1</subfield>
  </datafield>
  <datafield tag="952" ind1=" " ind2=" ">
    <subfield code="0">0</subfield>
    <subfield code="1">0</subfield>
    <subfield code="2">ddc</subfield>
    <subfield code="5">1</subfield>
    <subfield code="7">1</subfield>
    <subfield code="8">MO</subfield>
    <subfield code="a">BNPHU</subfield>
    <subfield code="b">PD</subfield>
    <subfield code="d">2020-12-04</subfield>
    <subfield code="e">DIGEPRES</subfield>
    <subfield code="l">0</subfield>
    <subfield code="o">BNPHU PD 352.48 R426i 2010</subfield>
    <subfield code="p">2020-0641</subfield>
    <subfield code="r">2020-12-04</subfield>
    <subfield code="w">2020-12-04</subfield>
    <subfield code="y">LBS1</subfield>
  </datafield>
  <datafield tag="952" ind1=" " ind2=" ">
    <subfield code="0">0</subfield>
    <subfield code="1">0</subfield>
    <subfield code="2">ddc</subfield>
    <subfield code="5">1</subfield>
    <subfield code="7">2</subfield>
    <subfield code="8">MO</subfield>
    <subfield code="a">BNPHU</subfield>
    <subfield code="b">PD</subfield>
    <subfield code="d">2020-12-04</subfield>
    <subfield code="e">DIGEPRES</subfield>
    <subfield code="l">0</subfield>
    <subfield code="o">BNPHU PD 352.48 R426i 2010</subfield>
    <subfield code="p">2021-0140</subfield>
    <subfield code="r">2020-12-04</subfield>
    <subfield code="t">e.2</subfield>
    <subfield code="w">2020-12-04</subfield>
    <subfield code="y">LBS1</subfield>
  </datafield>
  <datafield tag="952" ind1=" " ind2=" ">
    <subfield code="0">0</subfield>
    <subfield code="1">0</subfield>
    <subfield code="2">ddc</subfield>
    <subfield code="5">6</subfield>
    <subfield code="7">0</subfield>
    <subfield code="8">MO</subfield>
    <subfield code="a">BNPHU</subfield>
    <subfield code="b">GR</subfield>
    <subfield code="d">2020-12-04</subfield>
    <subfield code="e">DIGEPRES</subfield>
    <subfield code="l">0</subfield>
    <subfield code="o">BNPHU PD 352.48 R426i 2010</subfield>
    <subfield code="p">2020-0642</subfield>
    <subfield code="r">2020-12-04</subfield>
    <subfield code="t">e.3</subfield>
    <subfield code="w">2020-12-04</subfield>
    <subfield code="y">LBS1</subfield>
  </datafield>
  <datafield tag="999" ind1=" " ind2=" ">
    <subfield code="c">49249</subfield>
    <subfield code="d">49249</subfield>
  </datafield>
</record>
